| 000 | 00000nam 2200000zi 4500 |
| 001 | 9.948464 |
| 003 | CaOODSP |
| 005 | 20250822111125 |
| 006 | m o d f |
| 007 | cr cn||||||||| |
| 008 | 250226t20252025onca jo f000 0 eng d |
| 020 | |a9780660760186 |
| 040 | |aCaOODSP|beng|erda|cCaOODSP |
| 043 | |an-cn--- |
| 086 | 1 |aJU5-29/2025E-PDF |
| 245 | 00|aOwl about the Court. |
| 264 | 1|a[Ottawa] : |bSupreme Court of Canada, |c[2025] |
| 264 | 4|a©2025 |
| 300 | |a1 online resource (13 pages) : |bcolour illustrations |
| 336 | |atext|btxt|2rdacontent |
| 337 | |acomputer|bc|2rdamedia |
| 338 | |aonline resource|bcr|2rdacarrier |
| 500 | |aCover title. |
| 500 | |aIssued also in French under title : Une visite hibou-stouflante. |
| 530 | |aIssued also in printed form. |
| 610 | 10|aCanada. |bSupreme Court|vJuvenile literature. |
| 710 | 1 |aCanada. |bSupreme Court, |eissuing body. |
| 775 | 08|tUne visite hibou-stouflante.|w(CaOODSP)9.948465 |
| 776 | 0#|tOwl about the Court.|w(CaOODSP)9.948469 |
| 856 | 40|qPDF|s50.8 MB|uhttps://publications.gc.ca/collections/collection_2025/csc-scc/JU5-29-2025-eng.pdf |